[Event "PokerStars Masters 2nd"]
[Site "Douglas"]
[Date "2015.10.05"]
[Round "3.32"]
[White "Gaehwiler, Gabriel"]
[Black "Zumsande, Martin"]
[Result "0-1"]
[WhiteElo "2328"]
[BlackElo "2422"]
[PlyCount "80"]
[EventDate "2015.10.03"]
[EventType "swiss"]
[EventRounds "9"]
[EventCountry "IOM"]
[SourceTitle "twic1065-1099"]
[Source "Mark Crowther"]
[SourceDate "2015.12.04"]
[SourceVersion "1"]
[SourceVersionDate "2015.12.04"]
[SourceQuality "1"]

1. d4 d5 2. c4 e6 3. Nf3 Nf6 4. g3 Bb4+ 5. Nc3 dxc4 6. Bg2 O-O 7. O-O Nc6 8.
Re1 Rb8 9. e4 b5 10. e5 Nd5 11. Ng5 Be7 12. Qh5 h6 13. Nge4 Nxd4 14. Bxh6 gxh6
15. Rad1 Nf5 16. Bh3 Ng7 17. Qxh6 f5 18. exf6 Bxf6 19. Nc5 Bxc3 20. Rxe6 Rf6
21. Qg5 Bxe6 22. Nxe6 Qe7 23. Nxg7 Qxg7 24. Qxd5+ Qf7 25. bxc3 Qxd5 26. Rxd5
Rf3 27. Rc5 Rxc3 28. Rxc7 Ra3 29. Be6+ Kf8 30. f4 Rxa2 31. Rd7 Rb6 32. f5 Rxe6
33. fxe6 c3 34. Rf7+ Ke8 35. Rf1 b4 36. g4 b3 37. g5 Ra4 38. h3 Ra5 39. h4 Ra4
40. g6 Rg4+ 0-1

[Event "PokerStars Masters 2nd"]
[Site "Douglas"]
[Date "2015.10.05"]
[Round "3.33"]
[White "Klein, Felix"]
[Black "Koop, Thorben"]
[Result "0-1"]
[WhiteElo "2306"]
[BlackElo "2407"]
[PlyCount "59"]
[EventDate "2015.10.03"]
[EventType "swiss"]
[EventRounds "9"]
[EventCountry "IOM"]
[SourceTitle "twic1065-1099"]
[Source "Mark Crowther"]
[SourceDate "2015.12.04"]
[SourceVersion "1"]
[SourceVersionDate "2015.12.04"]
[SourceQuality "1"]

1. e4 c5 2. Nf3 d6 3. d4 cxd4 4. Nxd4 Nf6 5. Nc3 a6 6. Be3 e5 7. Nf3 Be7 8. Bc4
O-O 9. O-O Nc6 10. Re1 h6 11. a4 Nb4 12. a5 Be6 13. Ra4 Bxc4 14. Rxb4 Qc7 15.
Ra4 Qc6 16. Ra1 Be6 17. Qd3 Rac8 18. h3 Bc4 19. Qd1 Rfe8 20. Bb6 Bd8 21. Bxd8
Rcxd8 22. Qc1 Nh5 23. Qe3 Nf4 24. Kh2 Qc8 25. Red1 f6 26. Na4 Bf7 27. c3 d5 28.
Nb6 Qc6 29. Nd2 dxe4 30. Nxe4 0-1

[Event "PokerStars Masters 2nd"]
[Site "Douglas"]
[Date "2015.10.05"]
[Round "3.34"]
[White "Zisman, Philip"]
[Black "Daulyte, Deimante"]
[Result "0-1"]
[WhiteElo "2305"]
[BlackElo "2392"]
[PlyCount "100"]
[EventDate "2015.10.03"]
[EventType "swiss"]
[EventRounds "9"]
[EventCountry "IOM"]
[SourceTitle "twic1065-1099"]
[Source "Mark Crowther"]
[SourceDate "2015.12.04"]
[SourceVersion "1"]
[SourceVersionDate "2015.12.04"]
[SourceQuality "1"]

1. d4 Nf6 2. Bg5 d5 3. Bxf6 gxf6 4. g3 c5 5. Nc3 Nc6 6. dxc5 d4 7. Ne4 f5 8.
Nd2 e5 9. Nb3 a5 10. a4 Be6 11. Bg2 Bxb3 12. cxb3 Bxc5 13. Nf3 e4 14. Nh4 Bb4+
15. Kf1 Qd5 16. Bh3 Ne7 17. Rc1 O-O 18. Rc4 Rfd8 19. Qc1 d3 20. Qg5+ Kf8 21.
Qh6+ Ke8 22. Qxh7 dxe2+ 23. Kg2 e3+ 24. Nf3 exf2 25. Kxf2 e1=Q+ 26. Rxe1 Bxe1+
27. Nxe1 Qe5 28. Rc2 Ra6 29. Re2 Qd4+ 30. Kf1 Re6 31. Qh5 Rxe2 32. Qxe2 Rd5 33.
Bg2 Re5 34. Qc2 Rc5 35. Qe2 Rc1 36. Bxb7 Kf8 37. Bf3 Rb1 38. Qc4 Qe3 39. Qc3
Rxe1+ 40. Qxe1 Qxf3+ 41. Kg1 Qd5 42. Qc3 Nc6 43. h4 Nd4 44. Qc4 Qe5 45. Qd3 f4
46. gxf4 Qxf4 47. Kg2 Qxh4 48. b4 Qg4+ 49. Kf2 Qf4+ 50. Kg2 Nf5 0-1

[Event "PokerStars Masters 2nd"]
[Site "Douglas"]
[Date "2015.10.05"]
[Round "3.35"]
[White "Dragnev, Valentin"]
[Black "Grant, Jonathan"]
[Result "1-0"]
[WhiteElo "2380"]
[BlackElo "2225"]
[PlyCount "129"]
[EventDate "2015.10.03"]
[EventType "swiss"]
[EventRounds "9"]
[EventCountry "IOM"]
[SourceTitle "twic1065-1099"]
[Source "Mark Crowther"]
[SourceDate "2015.12.04"]
[SourceVersion "1"]
[SourceVersionDate "2015.12.04"]
[SourceQuality "1"]

1. e4 c6 2. d4 d5 3. Nc3 dxe4 4. Nxe4 Bf5 5. Ng3 Bg6 6. Bc4 e6 7. h4 h6 8. N1e2
Bd6 9. Nf4 Bxf4 10. Bxf4 Nf6 11. Qe2 Nbd7 12. h5 Bh7 13. O-O-O O-O 14. Bd3 Bxd3
15. Rxd3 b5 16. Ne4 Nxe4 17. Qxe4 Rc8 18. Rg3 Kh8 19. Rhh3 Rg8 20. Qe3 Kh7 21.
Qe4+ Kh8 22. Qe3 Kh7 23. Rf3 Nf6 24. Bxh6 gxh6 25. Qe5 Rg5 26. Qxf6 Qxf6 27.
Rxf6 Kg7 28. Rhf3 Rc7 29. g3 Rxh5 30. R6f4 e5 31. Rg4+ Kf8 32. Rf6 Ke7 33. dxe5
Rxe5 34. Rgf4 Ke8 35. Rxh6 Rd7 36. b3 c5 37. a3 Re1+ 38. Kb2 Re5 39. Kc3 a5 40.
Rhh4 b4+ 41. Kb2 Rd2 42. Rc4 Rxf2 43. Rh8+ Kd7 44. Ra8 bxa3+ 45. Kxa3 Rg2 46.
Rxa5 Kc6 47. g4 Kb6 48. Ka4 Rg1 49. Rb4+ Kc6 50. Ra6+ Kd5 51. Rf4 Re4+ 52. c4+
Ke5 53. Rxf7 Rexg4 54. Kb5 Rb1 55. Kxc5 Rxb3 56. Raa7 Ke4 57. Rae7+ Kd3 58.
Rf3+ Kc2 59. Re2+ Kd1 60. Rxb3 Kxe2 61. Kb5 Rg8 62. c5 Rb8+ 63. Kc4 Rc8 64. Kd5
Rd8+ 65. Ke6 1-0

[Event "PokerStars Masters 2nd"]
[Site "Douglas"]
[Date "2015.10.05"]
[Round "3.36"]
[White "Houska, Jovanka"]
[Black "Leutwyler, Martin"]
[Result "1-0"]
[WhiteElo "2372"]
[BlackElo "2156"]
[PlyCount "131"]
[EventDate "2015.10.03"]
[EventType "swiss"]
[EventRounds "9"]
[EventCountry "IOM"]
[SourceTitle "twic1065-1099"]
[Source "Mark Crowther"]
[SourceDate "2015.12.04"]
[SourceVersion "1"]
[SourceVersionDate "2015.12.04"]
[SourceQuality "1"]

1. d4 d5 2. Nf3 Nf6 3. c4 c6 4. e3 Bg4 5. Qb3 Qb6 6. Nc3 e6 7. Nh4 Bh5 8. h3
Nbd7 9. g4 Bg6 10. Nxg6 hxg6 11. Bg2 g5 12. Bd2 Be7 13. O-O-O Qxb3 14. axb3 Nb6
15. cxd5 Nfxd5 16. Ne4 O-O-O 17. Kc2 Kb8 18. Bc3 Nd7 19. Rhe1 Rhf8 20. Rg1 Rh8
21. Bf1 Nf8 22. Ba5 Rc8 23. Kd3 Ng6 24. Ke2 f6 25. Bc3 Rcd8 26. f3 Rd7 27. Kf2
Re8 28. Bd3 Nh4 29. Be1 f5 30. gxf5 exf5 31. Nc3 Bf6 32. Nxd5 Rxd5 33. Bc3 Rd7
34. Bc2 Red8 35. Ke2 b6 36. b4 Re7 37. Kf2 Red7 38. Ba4 f4 39. Bxc6 fxe3+ 40.
Kxe3 Nf5+ 41. Ke4 Rd6 42. Kxf5 Rxc6 43. d5 Rcd6 44. Be5 Bxe5 45. Kxe5 Rf6 46.
Rxg5 Re8+ 47. Kd4 Rf4+ 48. Kc3 Rxf3+ 49. Kc4 Rxh3 50. d6 Rd8 51. Kd5 Rd7 52.
Kc6 Kc8 53. Re1 Kd8 54. Rge5 Rh8 55. b5 g6 56. Re7 Rxe7 57. Rxe7 Rh2 58. Rxa7
Rc2+ 59. Kxb6 Rxb2 60. Rg7 Rd2 61. Rxg6 Kd7 62. Kb7 Rb2 63. b6 Rb1 64. Ka7 Kc6
65. d7+ Kxd7 66. b7 1-0

[Event "PokerStars Masters 2nd"]
[Site "Douglas"]
[Date "2015.10.05"]
[Round "3.37"]
[White "Efroimski, Marsel"]
[Black "Greet, Andrew"]
[Result "1-0"]
[WhiteElo "2255"]
[BlackElo "2455"]
[PlyCount "211"]
[EventDate "2015.10.03"]
[EventType "swiss"]
[EventRounds "9"]
[EventCountry "IOM"]
[SourceTitle "twic1065-1099"]
[Source "Mark Crowther"]
[SourceDate "2015.12.04"]
[SourceVersion "1"]
[SourceVersionDate "2015.12.04"]
[SourceQuality "1"]

1. e4 e6 2. d4 d5 3. Nd2 c5 4. exd5 Qxd5 5. Ngf3 cxd4 6. Bc4 Qd6 7. O-O Nf6 8.
Nb3 Nc6 9. Nbxd4 Nxd4 10. Nxd4 Be7 11. c3 O-O 12. Qf3 Qc7 13. Bb3 Bd7 14. Bf4
e5 15. Bg3 Bd6 16. Nf5 Bxf5 17. Qxf5 e4 18. Bxd6 Qxd6 19. Rad1 Qe7 20. Rfe1
Rad8 21. f3 e3 22. Qf4 Rxd1 23. Bxd1 Re8 24. Ba4 Qe5 25. Qxe5 Rxe5 26. Bb3 g5
27. Kf1 Nd7 28. Ke2 Nc5 29. Rd1 Nxb3 30. axb3 f5 31. f4 gxf4 32. Rd4 Re4 33.
Rd5 Kg7 34. Rxf5 Kg6 35. Rf8 h5 36. g3 Kg5 37. gxf4+ Kh4 38. f5 Kh3 39. f6 h4
40. f7 Re7 41. b4 Kxh2 42. Rh8 Rxf7 43. Rxh4+ Kg3 44. Re4 Rd7 45. Kxe3 a6 46.
c4 Rd1 47. c5 Rb1 48. Kd3 Rxb2 49. Kc3 Rb1 50. Re7 Kf4 51. Rxb7 Ke5 52. Rb6 Ra1
53. Rd6 Ra3+ 54. Kc4 Ra1 55. Rh6 Rc1+ 56. Kb3 Rb1+ 57. Kc3 Ra1 58. Kb2 Ra4 59.
Kb3 Ra1 60. c6 Rc1 61. c7 Rxc7 62. Rxa6 Kd5 63. Ka4 Kc4 64. Ka5 Rc8 65. b5 Kc5
66. Ra7 Rf8 67. Rc7+ Kd6 68. Rc1 Rf2 69. Kb6 Kd7 70. Kb7 Rb2 71. Rd1+ Ke7 72.
b6 Rb3 73. Kc7 Rc3+ 74. Kb8 Rb3 75. b7 Ra3 76. Rh1 Kd7 77. Rd1+ Ke7 78. Rd4 Ra2
79. Rd5 Ke6 80. Kc8 Rc2+ 81. Kd8 Kxd5 82. b8=Q Rc5 83. Kd7 Kd4 84. Qb3 Rd5+ 85.
Ke6 Re5+ 86. Kd6 Re4 87. Qf3 Re3 88. Qf2 Ke4 89. Ke6 Rf3 90. Qg2 Kf4 91. Kf6
Rg3 92. Qd5 Rf3 93. Qd4+ Kg3+ 94. Kg5 Kg2 95. Kg4 Rg3+ 96. Kf4 Rf3+ 97. Ke4 Rg3
98. Qd2+ Kh3 99. Qe2 Rg2 100. Qh5+ Kg3 101. Ke3 Rg1 102. Qg5+ Kh2 103. Qh4+ Kg2
104. Ke2 Ra1 105. Qg5+ Kh3 106. Qh6+ 1-0

[Event "PokerStars Masters 2nd"]
[Site "Douglas"]
[Date "2015.10.05"]
[Round "3.38"]
[White "Eggleston, David"]
[Black "Byron, Alan M"]
[Result "1-0"]
[WhiteElo "2404"]
[BlackElo "2188"]
[PlyCount "81"]
[EventDate "2015.10.03"]
[EventType "swiss"]
[EventRounds "9"]
[EventCountry "IOM"]
[SourceTitle "twic1065-1099"]
[Source "Mark Crowther"]
[SourceDate "2015.12.04"]
[SourceVersion "1"]
[SourceVersionDate "2015.12.04"]
[SourceQuality "1"]

1. e4 c5 2. Nf3 d6 3. d4 cxd4 4. Nxd4 Nf6 5. Nc3 a6 6. Be3 e5 7. Nb3 Be6 8. f3
Be7 9. Qd2 O-O 10. O-O-O a5 11. a4 Na6 12. g4 Nb4 13. g5 Nh5 14. Rg1 Rc8 15.
Kb1 Qc7 16. Qf2 Bd8 17. f4 Nxf4 18. Bxf4 exf4 19. Qxf4 Qb6 20. Bb5 d5 21. Nd4
dxe4 22. Nxe6 fxe6 23. Qxe4 Rc5 24. h4 Bc7 25. Rgf1 Rxf1 26. Rxf1 Re5 27. Qg4
Qe3 28. Qd1 Nd5 29. Nxd5 Rxd5 30. Qh5 g6 31. Qh6 Bf4 32. h5 Rxg5 33. hxg6 hxg6
34. Qh1 Rd5 35. Bc4 Rd6 36. Re1 Qb6 37. Qe4 g5 38. Qg6+ Kf8 39. Qf6+ Kg8 40.
Rh1 Bh2 41. Qxg5+ 1-0

[Event "PokerStars Masters 2nd"]
[Site "Douglas"]
[Date "2015.10.05"]
[Round "3.39"]
[White "Gara, Ticia"]
[Black "Gikas, Andreas Basilius"]
[Result "1/2-1/2"]
[WhiteElo "2370"]
[BlackElo "2208"]
[PlyCount "98"]
[EventDate "2015.10.03"]
[EventType "swiss"]
[EventRounds "9"]
[EventCountry "IOM"]
[SourceTitle "twic1065-1099"]
[Source "Mark Crowther"]
[SourceDate "2015.12.04"]
[SourceVersion "1"]
[SourceVersionDate "2015.12.04"]
[SourceQuality "1"]

1. e4 Nf6 2. e5 Nd5 3. d4 d6 4. Nf3 dxe5 5. Nxe5 c6 6. Be2 Nd7 7. Nf3 g6 8. O-O
Bg7 9. c4 Nc7 10. Nc3 O-O 11. Be3 e5 12. Qd2 exd4 13. Bxd4 Nf6 14. Rad1 Ne6 15.
Be5 Qxd2 16. Rxd2 Re8 17. Rfd1 Nc5 18. Rd8 Bg4 19. Rxa8 Rxa8 20. h3 Be6 21. Ng5
Re8 22. Bd4 Ncd7 23. Nxe6 fxe6 24. Bxa7 b6 25. Ne4 Ra8 26. Nxf6+ Nxf6 27. Bxb6
Rxa2 28. Bd4 c5 29. Bc3 Ne8 30. Bg4 Ra6 31. Rd8 Bxc3 32. bxc3 Kf8 33. Rc8 h5
34. Bf3 Ra5 35. Rc6 Ke7 36. Be4 g5 37. Bf3 h4 38. Bg4 Nd6 39. Rc7+ Kf6 40. Rc6
Ke7 41. Rc7+ Kf6 42. Kh2 Nf5 43. Rc8 Ke5 44. Rg8 Kf6 45. Bh5 Ra2 46. Rg6+ Ke5
47. Kg1 Ra1+ 48. Kh2 Ra2 49. Kg1 Ra1+ 1/2-1/2

[Event "PokerStars Masters 2nd"]
[Site "Douglas"]
[Date "2015.10.05"]
[Round "3.40"]
[White "Ansell, Simon"]
[Black "Hewson, Brian Wr"]
[Result "1-0"]
[WhiteElo "2360"]
[BlackElo "2059"]
[PlyCount "128"]
[EventDate "2015.10.03"]
[EventType "swiss"]
[EventRounds "9"]
[EventCountry "IOM"]
[SourceTitle "twic1065-1099"]
[Source "Mark Crowther"]
[SourceDate "2015.12.04"]
[SourceVersion "1"]
[SourceVersionDate "2015.12.04"]
[SourceQuality "1"]

1. c4 e5 2. Nc3 Nc6 3. g3 g6 4. Bg2 Bg7 5. e3 d6 6. Nge2 Be6 7. d3 Qd7 8. Nd5
Nd8 9. e4 c6 10. Ne3 Nf6 11. Nc3 Bh3 12. O-O Bxg2 13. Kxg2 Ne6 14. f4 Nd4 15.
Ne2 Ng4 16. f5 Nxe3+ 17. Bxe3 gxf5 18. Bxd4 exd4 19. Rxf5 Be5 20. Ng1 O-O-O 21.
Qh5 f6 22. Nf3 Qe8 23. Nxe5 Qxh5 24. Rxh5 fxe5 25. Rf1 Rd7 26. b4 Re8 27. Rff5
Rde7 28. Kf3 Kc7 29. Rh6 a5 30. c5 dxc5 31. bxc5 a4 32. g4 Kb8 33. Rfh5 Rf8+
34. Kg2 Rg8 35. h3 Rgg7 36. Rf5 Rg8 37. Rhh5 Ree8 38. Rf2 Ka7 39. Rb2 Ra8 40.
Rf5 b5 41. cxb6+ Kb7 42. Rf1 Ra5 43. Kg3 c5 44. g5 c4 45. dxc4 Rc5 46. Rb4 Rc6
47. Rxa4 Rxb6 48. Rf3 Rg7 49. h4 h6 50. Kg4 hxg5 51. hxg5 Rd7 52. Ra5 Rc7 53.
Rxe5 Rxc4 54. Rf7+ Ka6 55. Rd7 Rb2 56. Re6+ Ka5 57. Rd5+ Kb4 58. Rb6+ Kc3 59.
Rxb2 Kxb2 60. g6 Kc3 61. g7 Rc8 62. Rc5+ Rxc5 63. g8=Q Rc4 64. Kf3 Rb4 1-0

[Event "PokerStars Masters 2nd"]
[Site "Douglas"]
[Date "2015.10.05"]
[Round "3.41"]
[White "Ciuksyte, Dagne"]
[Black "Zahn, Alina"]
[Result "1-0"]
[WhiteElo "2354"]
[BlackElo "2130"]
[PlyCount "65"]
[EventDate "2015.10.03"]
[EventType "swiss"]
[EventRounds "9"]
[EventCountry "IOM"]
[SourceTitle "twic1065-1099"]
[Source "Mark Crowther"]
[SourceDate "2015.12.04"]
[SourceVersion "1"]
[SourceVersionDate "2015.12.04"]
[SourceQuality "1"]

1. e4 e5 2. Nf3 Nc6 3. Bb5 a6 4. Ba4 Nf6 5. O-O b5 6. Bb3 Be7 7. Re1 O-O 8. h3
Bb7 9. c3 d5 10. d4 dxe4 11. Nxe5 Nxe5 12. dxe5 Nd7 13. e6 Nc5 14. exf7+ Kh8
15. Nd2 Bh4 16. Qe2 Qf6 17. Rf1 Qb6 18. Bc2 Rxf7 19. b4 Nd3 20. Nxe4 Nxc1 21.
Raxc1 Raf8 22. Qh5 Bxe4 23. Qxh4 Bxc2 24. Rxc2 Qg6 25. Rd2 h6 26. Qd4 Rf4 27.
Qc5 R8f5 28. Qxc7 Rc4 29. Qb8+ Kh7 30. Rd8 Qg5 31. Re1 Rcf4 32. Re6 Rf6 33.
Rh8+ 1-0

[Event "PokerStars Masters 2nd"]
[Site "Douglas"]
[Date "2015.10.05"]
[Round "3.42"]
[White "Burrows, Martin"]
[Black "Jedynak, Radoslaw"]
[Result "0-1"]
[WhiteElo "2147"]
[BlackElo "2427"]
[PlyCount "68"]
[EventDate "2015.10.03"]
[EventType "swiss"]
[EventRounds "9"]
[EventCountry "IOM"]
[SourceTitle "twic1065-1099"]
[Source "Mark Crowther"]
[SourceDate "2015.12.04"]
[SourceVersion "1"]
[SourceVersionDate "2015.12.04"]
[SourceQuality "1"]

1. e4 e6 2. d4 d5 3. Nc3 Bb4 4. e5 c5 5. a3 Bxc3+ 6. bxc3 Qa5 7. Bd2 Qa4 8. Qg4
Kf8 9. Qd1 b6 10. c4 Ba6 11. c3 Qxd1+ 12. Rxd1 Bxc4 13. Bxc4 dxc4 14. dxc5 Nd7
15. cxb6 axb6 16. Be3 Nxe5 17. Bxb6 Nd3+ 18. Kd2 Nf6 19. Nh3 Ne4+ 20. Kc2 Ra6
21. Bd4 Ke7 22. f3 Nec5 23. Nf2 Rxa3 24. Ra1 Rha8 25. Rxa3 Rxa3 26. Nxd3 Nxd3
27. Rb1 e5 28. Rb7+ Kf6 29. Rb6+ Kf5 30. Be3 Ra2+ 31. Kb1 Rxg2 32. Rc6 Re2 33.
Ba7 Rb2+ 34. Ka1 Rb3 0-1

[Event "PokerStars Masters 2nd"]
[Site "Douglas"]
[Date "2015.10.05"]
[Round "3.43"]
[White "Cafolla, Peter"]
[Black "Satyapragyan, Swayangsu"]
[Result "0-1"]
[WhiteElo "2067"]
[BlackElo "2416"]
[PlyCount "54"]
[EventDate "2015.10.03"]
[EventType "swiss"]
[EventRounds "9"]
[EventCountry "IOM"]
[SourceTitle "twic1065-1099"]
[Source "Mark Crowther"]
[SourceDate "2015.12.04"]
[SourceVersion "1"]
[SourceVersionDate "2015.12.04"]
[SourceQuality "1"]

1. d4 Nf6 2. c4 e6 3. Nc3 Bb4 4. f3 d5 5. a3 Bxc3+ 6. bxc3 O-O 7. cxd5 exd5 8.
e3 Nh5 9. Ne2 b6 10. g3 Ba6 11. e4 dxe4 12. fxe4 Bb7 13. Bg2 Re8 14. d5 Nf6 15.
Qc2 Qe7 16. Bg5 h6 17. Bxf6 Qxf6 18. Rf1 Qe7 19. c4 Nd7 20. Qc3 Ne5 21. Nd4 Ba6
22. Rf5 Nxc4 23. Nc6 Qc5 24. Nb4 Qg1+ 25. Bf1 Rxe4+ 26. Kd1 Ne3+ 27. Kc1 Nxf5
0-1

[Event "PokerStars Masters 2nd"]
[Site "Douglas"]
[Date "2015.10.05"]
[Round "3.44"]
[White "Mertens, Heiko"]
[Black "Logallo, Claudio"]
[Result "1-0"]
[WhiteElo "2309"]
[BlackElo "2067"]
[PlyCount "46"]
[EventDate "2015.10.03"]
[EventType "swiss"]
[EventRounds "9"]
[EventCountry "IOM"]
[SourceTitle "twic1065-1099"]
[Source "Mark Crowther"]
[SourceDate "2015.12.04"]
[SourceVersion "1"]
[SourceVersionDate "2015.12.04"]
[SourceQuality "1"]

1. e4 c5 2. Nf3 d6 3. d4 cxd4 4. Nxd4 Nf6 5. Nc3 a6 6. Bg5 e6 7. Qe2 Qc7 8.
O-O-O Nbd7 9. f4 Be7 10. g3 h6 11. Bh4 Rg8 12. Nf3 e5 13. Bh3 Qa5 14. Kb1 Nb6
15. Bxf6 gxf6 16. Bxc8 Rxc8 17. Nd5 Na4 18. Nh4 exf4 19. Nf5 Rc6 20. Nfxe7 Rb6
21. b3 Rg5 22. Qd2 Qc5 23. Qd4 Qa5 1-0

[Event "PokerStars Masters 2nd"]
[Site "Douglas"]
[Date "2015.10.05"]
[Round "3.45"]
[White "Harari, Zaki"]
[Black "Ambartsumova, Karina"]
[Result "0-1"]
[WhiteElo "2053"]
[BlackElo "2262"]
[PlyCount "114"]
[EventDate "2015.10.03"]
[EventType "swiss"]
[EventRounds "9"]
[EventCountry "IOM"]
[SourceTitle "twic1065-1099"]
[Source "Mark Crowther"]
[SourceDate "2015.12.04"]
[SourceVersion "1"]
[SourceVersionDate "2015.12.04"]
[SourceQuality "1"]

1. e4 d6 2. d4 Nf6 3. Nc3 Nbd7 4. Nf3 e5 5. Bc4 Be7 6. O-O O-O 7. h3 c6 8. a4
a6 9. Be3 b6 10. Qe2 Bb7 11. Rfd1 b5 12. Bb3 Qc7 13. Bg5 b4 14. Nb1 h6 15. Bh4
a5 16. Nbd2 Rfe8 17. Bg3 Bf8 18. dxe5 dxe5 19. Nc4 Ba6 20. Nfd2 Nc5 21. Qf3
Nxb3 22. Qxb3 Nd7 23. Qf3 Bc5 24. Ne3 Bxe3 25. Qxe3 Nf8 26. Nf3 Ng6 27. Rd2
Rad8 28. Rad1 f6 29. Qc5 Be2 30. Rxd8 Rxd8 31. Rxd8+ Qxd8 32. Qxc6 Qd1+ 33. Kh2
Bxf3 34. gxf3 Qxf3 35. Qd5+ Kh7 36. Qd3 Qxd3 37. cxd3 Kg8 38. f3 Kf7 39. Kg1
Ke6 40. Kf1 Kd7 41. Ke1 h5 42. Kd2 Kc6 43. Ke3 Nf8 44. f4 Nd7 45. fxe5 fxe5 46.
Kd2 g5 47. Kc2 g4 48. h4 Kd6 49. d4 Ke6 50. d5+ Kd6 51. Bf2 g3 52. Bxg3 Nc5 53.
Bf2 b3+ 54. Kd1 Nxe4 55. Bb6 Nf2+ 56. Kc1 Ne4 57. Bd8 Kxd5 0-1

[Event "PokerStars Masters 2nd"]
[Site "Douglas"]
[Date "2015.10.05"]
[Round "3.46"]
[White "House, Glenn L"]
[Black "Fox, Anthony"]
[Result "1-0"]
[WhiteElo "2229"]
[BlackElo "2031"]
[PlyCount "89"]
[EventDate "2015.10.03"]
[EventType "swiss"]
[EventRounds "9"]
[EventCountry "IOM"]
[SourceTitle "twic1065-1099"]
[Source "Mark Crowther"]
[SourceDate "2015.12.04"]
[SourceVersion "1"]
[SourceVersionDate "2015.12.04"]
[SourceQuality "1"]

1. g3 d5 2. Nf3 Nf6 3. d3 Bf5 4. Bg2 e6 5. O-O Be7 6. Nbd2 h6 7. b3 O-O 8. Bb2
c5 9. Ne5 Qc7 10. e4 Bh7 11. Qe2 d4 12. f4 Nbd7 13. Nxd7 Qxd7 14. Kh1 Rad8 15.
Rg1 Ne8 16. Rae1 b5 17. g4 e5 18. f5 Bg5 19. Nf3 f6 20. h4 Be3 21. Bc1 Bxc1 22.
Rxc1 g5 23. fxg6 Bxg6 24. Bh3 Bf7 25. Rg3 Be6 26. Qh2 Kh7 27. Rcg1 Rg8 28. g5
Bxh3 29. Rxh3 Qe6 30. Rhg3 Nd6 31. gxf6 Qxf6 32. Rxg8 Rxg8 33. Rxg8 Kxg8 34.
Nxe5 Kh7 35. Kg2 b4 36. Qg3 Nb5 37. Ng4 Qe6 38. Qf4 Na3 39. e5 Nxc2 40. Nf6+
Kg7 41. Qe4 Ne3+ 42. Kg3 a5 43. Qh7+ Kf8 44. Qh8+ Kf7 45. Qg8+ 1-0

[Event "PokerStars Masters 2nd"]
[Site "Douglas"]
[Date "2015.10.05"]
[Round "3.47"]
[White "Allen, Keith"]
[Black "Sipos, Silvester"]
[Result "1-0"]
[WhiteElo "2210"]
[BlackElo "2003"]
[PlyCount "131"]
[EventDate "2015.10.03"]
[EventType "swiss"]
[EventRounds "9"]
[EventCountry "IOM"]
[SourceTitle "twic1065-1099"]
[Source "Mark Crowther"]
[SourceDate "2015.12.04"]
[SourceVersion "1"]
[SourceVersionDate "2015.12.04"]
[SourceQuality "1"]

1. d4 Nf6 2. c4 c5 3. d5 b5 4. cxb5 a6 5. bxa6 Bxa6 6. Nc3 d6 7. Nf3 g6 8. e4
Bxf1 9. Kxf1 Bg7 10. g3 O-O 11. Kg2 Nbd7 12. a4 Qa5 13. Bd2 Rfb8 14. Nb5 Qd8
15. Qe2 Ne8 16. Bc3 Bxc3 17. Nxc3 Rb4 18. Rab1 Rab8 19. e5 Qb6 20. e6 Ne5 21.
Nxe5 dxe5 22. exf7+ Kxf7 23. Qxe5 Qf6 24. Qxf6+ Nxf6 25. Rhc1 Rxb2 26. Rxb2
Rxb2 27. Kf3 Rb3 28. Ke2 Nd7 29. Kd2 Nb6 30. Ra1 Nc4+ 31. Kd3 Na5 32. Rb1 Ra3
33. Kc2 Nc4 34. Re1 Nb6 35. Kb2 Nc4+ 36. Kc2 Nb6 37. Re4 c4 38. Kb2 Rb3+ 39.
Kc2 Ra3 40. h4 Nxa4 41. Nxa4 Rxa4 42. Kc3 Ra2 43. Rf4+ Ke8 44. h5 g5 45. Rf5 h6
46. Kxc4 Kd7 47. Rf8 Rd2 48. f3 Rd1 49. Kc5 Rd3 50. g4 Kc7 51. Kc4 Rd1 52. Kc5
Rd3 53. Rf7 Kd7 54. Rf8 Kc7 55. Rf5 Rd1 56. Re5 Rc1+ 57. Kd4 Kd7 58. Re6 Rd1+
59. Ke4 Re1+ 60. Kf5 Rxe6 61. dxe6+ Kd6 62. Kg6 Kxe6 63. Kxh6 Kf6 64. Kh7 Kf7
65. f4 gxf4 66. g5 1-0

[Event "PokerStars Masters 2nd"]
[Site "Douglas"]
[Date "2015.10.05"]
[Round "3.48"]
[White "Walton, Alan J"]
[Black "Johnson, Paul A"]
[Result "1-0"]
[WhiteElo "2205"]
[BlackElo "1882"]
[PlyCount "87"]
[EventDate "2015.10.03"]
[EventType "swiss"]
[EventRounds "9"]
[EventCountry "IOM"]
[SourceTitle "twic1065-1099"]
[Source "Mark Crowther"]
[SourceDate "2015.12.04"]
[SourceVersion "1"]
[SourceVersionDate "2015.12.04"]
[SourceQuality "1"]

1. d4 d5 2. c4 c6 3. Nf3 Nf6 4. Nc3 e6 5. Bg5 Be7 6. e3 Nbd7 7. Bd3 O-O 8. O-O
h6 9. Bh4 Re8 10. Qc2 dxc4 11. Bxc4 Nd5 12. Bg3 Nxc3 13. bxc3 Nf6 14. Ne5 Bd7
15. a4 b5 16. Bd3 a6 17. Qe2 Qc8 18. Qf3 Ra7 19. Rfb1 Rb7 20. axb5 axb5 21. Be4
Rb6 22. c4 Ra6 23. Rxa6 Qxa6 24. Nxd7 Nxd7 25. Bxc6 Qa2 26. Qd1 Rd8 27. cxb5
Nc5 28. b6 Na6 29. b7 Nb8 30. Bf3 Qa5 31. Qc1 Bd6 32. Bxd6 Rxd6 33. Ra1 Qb6 34.
Ra8 Rd8 35. g3 Qd6 36. Qc5 Qd7 37. Ra1 f6 38. Rc1 Na6 39. Qb6 Qd6 40. Qxd8+
Qxd8 41. Rc8 Qf8 42. d5 Kf7 43. Bh5+ Ke7 44. d6+ 1-0

[Event "PokerStars Masters 2nd"]
[Site "Douglas"]
[Date "2015.10.05"]
[Round "3.49"]
[White "Player, Edmund C"]
[Black "Klein, Gernot"]
[Result "1-0"]
[WhiteElo "2200"]
[BlackElo "1881"]
[PlyCount "99"]
[EventDate "2015.10.03"]
[EventType "swiss"]
[EventRounds "9"]
[EventCountry "IOM"]
[SourceTitle "twic1065-1099"]
[Source "Mark Crowther"]
[SourceDate "2015.12.04"]
[SourceVersion "1"]
[SourceVersionDate "2015.12.04"]
[SourceQuality "1"]

1. e4 c5 2. Nf3 e6 3. c4 Nc6 4. Nc3 Nf6 5. Be2 d6 6. d4 cxd4 7. Nxd4 Be7 8. O-O
O-O 9. Be3 Bd7 10. Qd2 a6 11. f3 Rc8 12. Rfd1 Qc7 13. Rac1 Qb8 14. b3 Rfe8 15.
Nc2 Ne5 16. h3 b5 17. cxb5 axb5 18. a3 Rc7 19. Nd4 b4 20. axb4 Qxb4 21. Nd5
Qxd2 22. Nxe7+ Rxe7 23. Bxd2 Rxc1 24. Rxc1 d5 25. Bb4 Re8 26. Bd6 Ng6 27. e5
Nh5 28. Rc7 Rd8 29. b4 f6 30. b5 fxe5 31. Nc6 Bxc6 32. Rxc6 Ng3 33. Bf1 Nf5 34.
Bc7 Re8 35. b6 Nd4 36. Rd6 Nf5 37. Rc6 Nd4 38. Rc5 Nf8 39. Bxe5 Nd7 40. Bxd4
Nxb6 41. Rc7 Nc8 42. Rxg7+ Kf8 43. Rxh7 Kg8 44. Rh8+ Kf7 45. Rxe8 Kxe8 46. h4
Ne7 47. Bd3 Kf7 48. h5 Nc6 49. Bg6+ Kg8 50. Bf6 1-0

[Event "PokerStars Masters 2nd"]
[Site "Douglas"]
[Date "2015.10.05"]
[Round "3.50"]
[White "Hill, Alistair"]
[Black "Winter, Kevin"]
[Result "1-0"]
[WhiteElo "2180"]
[BlackElo "1811"]
[PlyCount "81"]
[EventDate "2015.10.03"]
[EventType "swiss"]
[EventRounds "9"]
[EventCountry "IOM"]
[SourceTitle "twic1065-1099"]
[Source "Mark Crowther"]
[SourceDate "2015.12.04"]
[SourceVersion "1"]
[SourceVersionDate "2015.12.04"]
[SourceQuality "1"]

1. Nf3 Nf6 2. c4 d6 3. g3 g6 4. b3 Bg7 5. Bb2 O-O 6. Bg2 c5 7. d4 Nbd7 8. d5 a6
9. a4 b6 10. O-O a5 11. Re1 Ne4 12. Bxg7 Kxg7 13. Qd3 Nef6 14. Nc3 Nb8 15. e4
Ne8 16. Re3 Na6 17. Na2 f6 18. h4 h6 19. Kh2 Ra7 20. Ng1 f5 21. exf5 Bxf5 22.
Qc3+ Kg8 23. Rae1 Nf6 24. f3 Rf7 25. Bh3 Qf8 26. Qd2 Bxh3 27. Nxh3 Qg7 28. Kg2
Ra8 29. Qe2 Re8 30. Nc3 Nd7 31. Nb5 Nf6 32. Nxd6 exd6 33. Rxe8+ Nxe8 34. Qxe8+
Rf8 35. Qe6+ Qf7 36. Nf4 Kg7 37. Qxd6 Re8 38. Rxe8 Qxe8 39. Qxb6 Nb4 40. Qe6
Qxe6 41. Nxe6+ 1-0